Score 0/14 Timer 10:00
0 Plays Today
% Correct
SGT
79.3%
PVT
74.8%
CPL
58.6%
PFC
55.9%
MAJ
55.9%
CPT
55%
SSG
51.4%
% Correct
2LT
39.6%
1LT
39.6%
LTC
36.9%
MSG
36%
SGM
30.6%
CSM
27.9%
CSM
27.9%
Remove Ads.
Support Sporcle.
Get the best of Sporcle when you Go Orange. This ad-free experience offers more features, more stats, and more fun while also helping to support Sporcle. Thank you for becoming a member.

You're not logged in!

Compare scores with friends on all Sporcle quizzes.
OR
Log In

Sporcle TV

Today on Sporcle TV


Watch our educational content, quiz creation guides, and fun videos on Sporcle TV.

Show Comments

Extras

Created Dec 18, 2009ReportNominate
Tags:Abbreviation, Army

Top Quizzes Today


Score Distribution

Paid Content

Your Account Isn't Verified!

In order to create a playlist on Sporcle, you need to verify the email address you used during registration. Go to your Sporcle Settings to finish the process.

Report this User

Report this user for behavior that violates our Community Guidelines.

Details: